|
|
|
|
| LEADER |
00000nam0a2200000 4500 |
| 001 |
273356 |
| 005 |
20231101234625.0 |
| 035 |
|
|
|a (RuTPU)RU\TPU\book\296565
|
| 090 |
|
|
|a 273356
|
| 100 |
|
|
|a 20141024d1987 k y0rusy50 ca
|
| 101 |
0 |
|
|a rus
|
| 102 |
|
|
|a RU
|
| 105 |
|
|
|a y z 001zy
|
| 200 |
1 |
|
|a Конкретно-социологические исследования в праве
|f В. В. Лапаева
|g Всесоюзный научно-исследовательский институт советского законодательства (ВНИИСЗ)
|
| 210 |
|
|
|a Москва
|c Юридическая литература
|d 1987
|
| 215 |
|
|
|a 144 с.
|
| 320 |
|
|
|a Библиогр.: с. 133-143
|
| 606 |
1 |
|
|a Государство и право
|x Теория
|2 stltpush
|3 (RuTPU)RU\TPU\subj\8388
|9 35806
|
| 610 |
1 |
|
|a конкретно-социологические исследования
|
| 610 |
1 |
|
|a правовая информация
|
| 610 |
1 |
|
|a методология
|
| 610 |
1 |
|
|a эмпирические исследования
|
| 610 |
1 |
|
|a СССР
|
| 610 |
1 |
|
|a социальная обусловленность
|
| 610 |
1 |
|
|a эффективность
|
| 610 |
1 |
|
|a воздействие
|
| 610 |
1 |
|
|a общественные отношения
|
| 610 |
1 |
|
|a правотворческая деятельность
|
| 686 |
|
|
|a Х0
|v LBC/SL-A
|2 rubbk
|
| 700 |
|
1 |
|a Лапаева
|b В. В.
|g Валентина Викторовна
|
| 712 |
0 |
2 |
|a Всесоюзный научно-исследовательский институт советского законодательства (ВНИИСЗ)
|c (Москва)
|c (1963-1988)
|2 stltpush
|3 (RuTPU)RU\TPU\col\21280
|
| 801 |
|
1 |
|a RU
|b 63413507
|c 20141024
|
| 801 |
|
2 |
|a RU
|b 63413507
|c 20170321
|g RCR
|
| 942 |
|
|
|c BK
|